000
00301nam a22001337a 4500
008
190306b xxu||||| |||| 00| 0 eng d
020
_a
2740282516438
041
_a
eng
080
_a
338
100
_a
52
101
_a
MNG
245
_a
Quantitative Methods for Business
_c
Anderson
942
_2
udc
_c
BK
999
_c
54640
_d
54640